LEADER 01021nam a2200241 4500 001 000000338004 003 CaOOAMICUS 005 20191210154714.0 008 191119s1993 it a 000 u ita r 020 $a88-04-36741-5 040 $aSeMil$bita 100 1 $aFini, Massimo.$0(OLS)http://semarc/name/57437 245 10$aNerone :$bduemila anni di calunnie /$cMassimo Fini. 264 1$aMilano :$bArnoldo Mondadori Editore,$c1993. 300 $a267 p., [4] c. di tav. :$bill. ;$c23 cm 600 04$aNerone .$0(OLS)http://semarc/subject/17175 830 0$aIngrandimenti.$0(OLS)http://semarc/title/6838 850 $aSeMil 852 $aSeMil$W1$xVenegono$y1$m3S III 24$j219014$B230827$CSeMilBibl$Z2$F230827 $81 996 $6020$a88-04-36741-5$9(OLS)http://semarc/number/289214 996 $6245$aNerone :$bduemila anni di calunnie$9(OLS)http://semarc/title/426911 996 $6264$aMilano :$bArnoldo Mondadori Editore$9(OLS)http://semarc/publisher/30056 LEADER 00965nam a2200229 i 4500 001 000000228184 003 CaOOAMICUS 005 20221124152928.0 008 140320s1935 it u000 u ita u 013 $a207086 040 $aSeMil$bita 100 1 $aSchuster, Ignaz.$0(OLS)http://semarc/name/13404 245 10$a1: l'Evangelo di Gesù Cristo /$cIgnazio Schuster, Giov. B. Holzammer. 264 1$aTorino :$bSocietà Editrice Internazionale,$c1935. 300 $aXXIII, 653 p., [1] c. di tav. ;$c23 cm 700 1 $aHolzammer, Johann Baptist.$0(OLS)http://semarc/name/13405 773 0 $aSchuster, Ignaz$tNuovo Testamento.$g1$w()352358 850 $aSeMil 852 $aSeMil$W1$xVenegono$y1$m2Y III 116$j178530$B178530$CSeMilBibl$Z2$F189410 $81 996 $6245$a1: l'Evangelo di Gesù Cristo$9(OLS)http://semarc/title/326599 996 $6264$aTorino :$bSocietà Editrice Internazionale$9(OLS)http://semarc/publisher/29847 LEADER 01125nam a2200265 i 4500 001 000000049939 003 CaOOAMICUS 005 20120411000000.0 008 120411s1970 it u000 u ita u 013 $a21110 040 $aSeMil$bita 100 1 $aAumont, Michèle.$0(OLS)http://semarc/name/24729 240 13$aLe prêtre homme du sacré.$0(OLS)http://semarc/title/76148 245 13$aIl prete uomo del sacro /$cMichèle Aumont ; prefazione del Card. Garrone. 260 $aRoma :$bPaoline,$ccopyr. 1970. 300 $a202 p. ;$c18 cm. 490 0 $aPunti scottanti di teologia ;$v49 650 4$aPresbiteri.$0(OLS)http://semarc/subject/2612 700 1 $aGarrone, Gabriel Marie,$c.$0(OLS)http://semarc/name/20639 830 0$aPunti scottanti di teologia ;$v49.$0(OLS)http://semarc/title/240 850 $aSeMil 852 $aSeMil$W1$xVenegono$y1$m2C V 399$j16094$B16094$CSeMilBibl$Z2$F16094 $81 961 $aOmaggio: Dossena mons. Tranquillo 996 $6245$aIl prete uomo del sacro$9(OLS)http://semarc/title/76147 996 $6260$aRoma :$bPaoline$9(OLS)http://semarc/publisher/29686